01569nam a2200361 a 4500001001000000003000500010005001700015008004100032010001100073011001100084040000900095090001000104100004600114245018500160260004100345500006000386502009800446590004100544590004100585590004000626590004000666650004300706650003900749650002700788650003700815856007000852901000700922942001000929942000600939999001900945952011900964952012401083000109325CHAP20220329144046.0140421s2013 mx sm |||||||spa d a105787 a106759 cCHAP aTesis1 aLópez Cruz, María del Rocío912647410aPropuesta de programas prerrequisitos para la certificación global Gap en empacadoras de tuna en San Diego de la Unión Gto.h[En línea]cpor María del Rocío López Cruz. aChapingo, Méx. :bEl autor,c2013. aPara ver el contenido del material haga clic en la liga aTesis (Ing. Agr. Esp. en Agroindustrial) -- UACH. Departamento de Ingeniería Agroindustrial aBATCH-UPDb10c20141002lUCH01h0901 aE11695DGDb10c20140507lUCH01h1115 aE5765TAJb05c20140421lUCH01h1334 aE5765TAJb05c20140421lUCH01h133414aCalidadxControl de laxNormas.91748614aManuales de procedimientos.97067514aTunaxEmpaque.911555014aTunaxNormas de calidad.9115560 aFinding aiduhttp://10.13.5.2/tesis/sist109325.pdfzTeclea aquí aBK cTESIS n0 c105787d105787 00102local40718TESISaBCbBCd2014-04-21fTESISl0oTesisp33724002317454r2019-12-31 00:00:00w2014-04-21yCD 00102local40718TESISaBCbBCd2014-04-21fTESISl0oTesisp33724002317496r2019-12-31 00:00:00tc.2w2014-04-21yCD